Historia Polski. 1, Do roku 1505 /
Uložené v:
| Hlavný autor: | |
|---|---|
| Médium: | Kniha |
| Jazyk: | Polish |
| Vydané: |
Warszawa :
Państwowe Wydawnictwo Naukowe,
1978.
|
| Vydanie: | 12. wyd. |
| Edícia: | Biblioteka Domowa
|
| Témy: | |
| ISBN: |
(brož.) |
| Fyzický popis: |
316, [3] s. : mapy ; 18 cm. |
| Tagy: |
Pridať tag
Žiadne tagy, Buďte prvý kto otaguje tento záznam!
|
Titul je dostupný aj v ... 

MARC
| LEADER | 00000nam a2200000 a 4500 | ||
|---|---|---|---|
| 001 | 000588321 | ||
| 003 | SVKKK | ||
| 005 | 20180717162157.0 | ||
| 008 | 060420s1978 pl e 000 0 polo | ||
| 020 | |a (brož.) |c Kčs 20,00 | ||
| 040 | |a SVKKK |b slo |c SVKKK |e AACR2 | ||
| 041 | 0 | |a pol | |
| 044 | |a pl |c PL | ||
| 100 | 1 | |a Wyrozumski, Jerzy, |d 1930- |4 aut | |
| 245 | 1 | 0 | |a Historia Polski. |n 1, |p Do roku 1505 / |c Jerzy Wyrozumski. |
| 250 | |a 12. wyd. | ||
| 260 | |a Warszawa : |b Państwowe Wydawnictwo Naukowe, |c 1978. | ||
| 300 | |a 316, [3] s. : |b mapy ; |c 18 cm. | ||
| 490 | 1 | |a Biblioteka Domowa | |
| 504 | |a Bibliografia | ||
| 648 | 7 | |a 16.-19. stor. |2 SVKKKPH | |
| 648 | 7 | |a do r. 1505 |2 SVKKKPH | |
| 651 | 7 | |a Poľsko |x dejiny |2 SVKKKPH | |
| 655 | 7 | |a monografie |2 SVKKKPH | |
| 830 | 0 | |a Biblioteka Domowa | |
| 910 | |a svkkk | ||
| 998 | |a BK | ||
| 090 | |g SCKHL |k Sklad Hlavná 10 suterén |a I.49085 |j 588238 |i 2720683351 |s Absenčne | ||